000 00586nam a2200181 i 4500
001 79970
003 ES-MaACL
005 20250930063103.0
007 t|
008 041025s1951 ag ||||1| spa d
100 1 _aHesse, Hermann,
_d1877-1962
_963472
245 1 0 _aPequeño mundo /
_cHermann Hesse ; traducción del alemán por Arístides Gregori.
260 _aBuenos Aires :
_bSantiago Rueda,
_c[1951] (
_fBartolomé U. Chiesino)
300 _a260 p. ;
_c20 cm.
700 1 _aGregori, Arístides.
_959892
852 _aES-MaACL
_jD-5900
_bR.31452
999 _c79970
_d79970